Deviant leisure: criminological perspectives on leisure and harm
| Beteiligte: | ; |
|---|---|
| Medienart: | Druck Buch |
| Sprache: | Englisch |
| Veröffentlicht: |
Cham, Switzerland
Palgrave Macmillan
[2019]
|
| In: | Jahr: 2019 |
| Online-Zugang: |
Inhaltsverzeichnis Klappentext |
| Bestand in Tübingen: | In Tübingen vorhanden. UB: KB 21 A 384 |
| Verfügbarkeit prüfen: | HBZ Gateway |
| Subito Bestelldienst: | Jetzt bestellen. |
| Schlagwörter: |
MARC
| LEADER | 00000cam a2200000 c 4500 | ||
|---|---|---|---|
| 001 | 1679074237 | ||
| 003 | DE-627 | ||
| 005 | 20251226180653.0 | ||
| 007 | tu | ||
| 008 | 191017s2019 xxk||||| 00| ||eng c | ||
| 020 | |a 9783030177355 |c hbk. : (£109.99) |9 978-3-030-17735-5 | ||
| 035 | |a (DE-627)1679074237 | ||
| 035 | |a (DE-599)KXP1679074237 | ||
| 035 | |a (OCoLC)1163599174 | ||
| 040 | |a DE-627 |b ger |c DE-627 |e rda | ||
| 041 | |a eng | ||
| 044 | |c XA-GB | ||
| 072 | 7 | |a JKV |2 bicssc | |
| 072 | 7 | |a SOC004000 |2 bisacsh | |
| 072 | 7 | |a JKV |2 thema | |
| 082 | 0 | |a 302.542 | |
| 084 | |a 2,1 |2 ssgn | ||
| 245 | 0 | 0 | |a Deviant leisure |b criminological perspectives on leisure and harm |c Thomas Raymen, Oliver Smith, editors |
| 264 | 1 | |a Cham, Switzerland |b Palgrave Macmillan |c [2019] | |
| 300 | |a xvii, 439 Seiten |b Illustrationen |c 21 cm | ||
| 336 | |a Text |b txt |2 rdacontent | ||
| 337 | |a ohne Hilfsmittel zu benutzen |b n |2 rdamedia | ||
| 338 | |a Band |b nc |2 rdacarrier | ||
| 490 | 0 | |a Palgrave studies in crime, media and culture | |
| 583 | 1 | |a Archivierung/Langzeitarchivierung gewährleistet |f SSG |x XA-DE-BW |2 pdager |5 DE-21 | |
| 650 | 0 | |a Deviant Behavior | |
| 650 | 0 | |a Crime |x Sociological aspects | |
| 650 | 0 | |a Leisure |x Social aspects | |
| 655 | 7 | |a Aufsatzsammlung |0 (DE-588)4143413-4 |0 (DE-627)105605727 |0 (DE-576)209726091 |2 gnd-content | |
| 689 | 0 | 0 | |d s |0 (DE-588)4018382-8 |0 (DE-627)106326155 |0 (DE-576)208924124 |a Freizeit |2 gnd |
| 689 | 0 | 1 | |d s |0 (DE-588)4247924-1 |0 (DE-627)104799838 |0 (DE-576)210491949 |a Freizeitindustrie |2 gnd |
| 689 | 0 | 2 | |d s |0 (DE-588)4033178-7 |0 (DE-627)10458503X |0 (DE-576)209000511 |a Kriminalität |2 gnd |
| 689 | 0 | |5 (DE-627) | |
| 700 | 1 | |a Raymen, Thomas |e HerausgeberIn |0 (DE-588)1177712105 |0 (DE-627)1048867382 |0 (DE-576)517437503 |4 edt | |
| 700 | 1 | |a Smith, Oliver |d 1977- |e HerausgeberIn |0 (DE-588)1080487182 |0 (DE-627)844720860 |0 (DE-576)453551238 |4 edt | |
| 776 | 1 | |o 10.1007/978-3-030-17736-2 | |
| 776 | 1 | |z 9783030177362$eBook | |
| 856 | 4 | 2 | |u https://swbplus.bsz-bw.de/bsz1679074237inh.htm |m V:DE-576;B:DE-21 |q application/pdf |v 20191209153303 |3 Inhaltsverzeichnis |7 1 |
| 856 | 4 | 2 | |u https://swbplus.bsz-bw.de/bsz1679074237kla.htm |m V:DE-576;B:DE-21 |q application/pdf |v 20191209153304 |3 Klappentext |7 1 |
| 935 | |a mkri | ||
| 951 | |a BO | ||
| ELC | |b 1 | ||
| LOK | |0 000 xxxxxcx a22 zn 4500 | ||
| LOK | |0 001 3523521564 | ||
| LOK | |0 003 DE-627 | ||
| LOK | |0 004 1679074237 | ||
| LOK | |0 005 20191118114152 | ||
| LOK | |0 008 191017||||||||||||||||ger||||||| | ||
| LOK | |0 040 |a DE-21 |c DE-627 |d DE-21 | ||
| LOK | |0 852 |a DE-21 | ||
| LOK | |0 852 1 |c KB 21 A 384 |9 00 | ||
| LOK | |0 935 |a krim | ||
| LOK | |0 938 |a 1911 |f 34 | ||
| LOK | |0 939 |a 17-10-19 |b l01 | ||
| LOK | |0 000 xxxxxcx a22 zn 4500 | ||
| LOK | |0 001 4077469562 | ||
| LOK | |0 003 DE-627 | ||
| LOK | |0 004 1679074237 | ||
| LOK | |0 005 20220325111400 | ||
| LOK | |0 008 220303||||||||||||||||ger||||||| | ||
| LOK | |0 040 |a DE-Frei85 |c DE-627 |d DE-Frei85 | ||
| LOK | |0 852 |a DE-Frei85 | ||
| LOK | |0 852 1 |m p |9 00 | ||
| LOK | |0 938 |k p | ||
| LOK | |0 939 |a 03-03-22 |b l01 | ||
| ORI | |a SA-MARC-krimdoka001.raw | ||
| SIG | |a UB: KB 21 A 384 | ||
